Normal view
MARC view
- SHAPIRO, JACOB
Entry Personal Name
001 - CONTROL NUMBER
- control field: 57032
003 - CONTROL NUMBER IDENTIFIER
- control field: NUST
005 - DATE AND TIME OF LATEST TRANSACTION
- control field: 20210628201833.0
008 - FIXED-LENGTH DATA ELEMENTS
- fixed length control field: 210628|| aca||aabn | a|a d
040 ## - CATALOGING SOURCE
- Original cataloging agency: NUST
- Transcribing agency: NUST
100 ## - HEADING--PERSONAL NAME
- Personal name: SHAPIRO, JACOB
670 ## - SOURCE DATA FOUND
- Source citation: Work cat.: (NUST): SHAPIRO, JACOB, PRINCIPLES OF HELICOPTR ENGINEERING, 1956
